000 00911nam a22002537a 4500
005 20170123164142.0
010 _aB-047206
020 _c70.00
035 _aB-047206
037 _bCen Lib / Ret
040 _aDPL
_bPN
082 _a
_bਦਲੀਪ
100 _aਦਲੀਪ ਕੌਰ ਟਿਵਾਨਾ
_964636
245 _aਲੰਮੀ ਉਡਾਰੀ /
_cਦਲੀਪ ਕੌਰ ਟਿਵਾਨਾ
246 _aLammi udari : a novel /
_bby Dalip Kaur Tiwana
260 _a ਦਿੱਲੀ
_bਆਰਸੀ ਪਬਲਿਸ਼ਰਜ਼
_c2001
270 _aਚਾਦਨੀ ਚੋਕ ਦਿੱਲੀ
_b ਦਿੱਲੀ
_e11006
300 _a95p.
_c21cm(Hb)
650 _aਪੰਜਾਬੀ ਸਾਹਿਤ
_9118587
650 _aਪੰਜਾਬੀ ਨਾਵਲ
_9118588
650 _aPunjabi Literature
_9781
650 _aPunjabi Novel
_96285
942 _2ddc
_cPN
_h
_mਦਲੀਪ
999 _c109769
_d109769